000 00461nam a2200169Ia 4500
008 230917s9999||||xx |||||||||||||| ||und||
020 _cRS2500
040 _e251558
_aMAIN
041 _aEnglish
082 _a338.4791 D536F
100 _aDhar, Prem Nath
245 0 _aFundamentals of travel and tourism
260 _aNew Delhi
_bKanishka Publishers
_c2018
300 _ax, 478 p.
500 _a3323 26/11/2018 UBC18/7535 05/12/2018 IHTM (SFS)
942 _cBK
999 _c28963
_d28963